| 000 | 00442nam a2200145 4500 | ||
|---|---|---|---|
| 999 |
_c513402 _d513402 |
||
| 008 | 200219b ||||| |||| 00| 0 eng d | ||
| 100 |
_aMuller, Andreas _916234 |
||
| 245 | _aSovereign debt and structural reforms | ||
| 260 | _bAmerican Economic Review | ||
| 300 | _a109(12), Dec, 2019: p.4220-4259. | ||
| 700 |
_aStoresletten, Kjetil _916235 |
||
| 700 |
_aZilibotti, Fabrizio _916236 |
||
| 906 | _aStructural adjustment | ||
| 942 |
_2ddc _cAR |
||